| 000 | 01010nam a2200265 a 4500 | ||
|---|---|---|---|
| 001 | 000028887 | ||
| 003 | OSt | ||
| 005 | 20260416191046.0 | ||
| 008 | 110412s1983 dr 000 0 spa d | ||
| 040 |
_aDO-SdBNP _bspa _cBNPHU |
||
| 049 | _aBNPD | ||
| 100 |
_a Alvarez Dugan, Mario _d1931-2008 _923311 |
||
| 245 | 1 | 3 |
_aLa moral en el ejercicio de la función pública / _cMario Alvarez Dugan, José A. Silié Gatón; Hatuey De Camps Jiménez. |
| 260 |
_aSanto Domingo : _bONAP, _c1983. |
||
| 300 |
_a39 p. ; _c22 cm. |
||
| 490 | 1 |
_aSeminarios _vno. 5 |
|
| 490 | 1 | _aONAP | |
| 500 | _aPonencias del Simposio sobre "La Moral del Servidor Público" celebrado en agosto de 1982 con el patrocinio de la Asociación Dominicana de Profesionales de la Administración | ||
| 590 | _aInventariado, 2020 /LP | ||
| 700 | 1 |
_a Silié Gatón, José A., _d1920-2014 _9747 |
|
| 700 | 1 |
_aCamps Jiménez, Hatuey de _d1947-2016 _epról. _955856 |
|
| 830 | 0 |
_aSeminarios _n5 _955857 |
|
| 830 |
_aONAP _910860 |
||
| 942 |
_2ddc _cLBS1 |
||
| 999 |
_c28379 _d28379 |
||